Cádiz en el siglo XIII (Record no. 84817)

MARC details
000 -LEADER
campo de control de longitud fija 00601nam a2200145 i 4500
001 - NÚMERO DE CONTROL
campo de control 84817
003 - IDENTIFICADOR DE NÚMERO DE CONTROL
campo de control ES-MaACL
007 - CAMPO FIJO DE DESCRIPCIÓN FÍSICA--INFORMACIÓN GENERAL
campo de control de longitud fija t|
008 - DATOS DE LONGITUD FIJA--INFORMACIÓN GENERAL
campo de control de longitud fija 041124s1983 sp ||||1| spa d
111 2# - ENTRADA PRINCIPAL--NOMBRE DE CONGRESO/REUNIÓN
Nombre de congreso/reunión o jurisdicción como elemento de entrada Jornadas Conmemorativas del VII Centenario de la Muerte de Alfonso X El Sabio (
Fecha del congreso o de la firma del tratado 1983.
Sede del congreso/Lugar de la reunión Cádiz)
9 (RLIN) 776
245 10 - MENCIÓN DEL TÍTULO
Título Cádiz en el siglo XIII
Resto del título : actas de las jornadas conmemorativas del VII Centenario de la muerte de Alfonso X El Sabio, Cádiz, 1983.
260 ## - PUBLICACIÓN, DISTRIBUCIÓN, ETC.
Lugar de publicación, distribución, etc. Cádiz :
Nombre del editor, distribuidor, etc. Universidad de Cádiz, Servicio de Publicaciones,
Fecha de publicación, distribución, etc. 1983.
300 ## - DESCRIPCIÓN FÍSICA
Extensión 207 p. :
Otras características físicas il. ;
Dimensiones 24 cm.
852 ## - LOCALIZACIÓN
Ubicación ES-MaACL
Número de control de estantería L-6277
Sublocalización o colección R.106796
Holdings
Estatus retirado Estado de pérdida Estado de daño No para préstamo Biblioteca de origen Biblioteca actual Ubicación en estantería Fecha de adquisición Fuente de adquisición Total de préstamos Signatura topográfica completa Código de barras Visto por última vez Precio de reemplazo Tipo de ítem Koha
        Biblioteca del Ateneo de Madrid Biblioteca del Ateneo de Madrid Depósito 2 17/01/2008     L-6277 1088638 23/02/2023 23/02/2023 Libro impreso